000 00633nam a2200241 a 4500
999 _c10565
_d10565
001 10565
003 BD-JhCC
005 20180711100924.0
008 110718s1966 nyua 001 0 eng
035 _a(BD-JhCC)10565
040 _aDLC
_cDLC
_dDLC
_dBD-JhCC
041 _aeng
050 0 0 _aQD31.3
_b.W53 2004
082 0 0 _a540
_222
_bTIM 1966
100 _aTimm, John Arrend
245 0 0 _aGeneral chemistry /
_cJohn Arrend Timm
250 _a7th ed. /
260 _aNew York :
_bMcGraw-Hill Book Company,
_c1966.
300 _a647 p. :
_bill. ;
_c23 cm
650 0 _aChemistry
_vTextbooks.
942 _2ddc
_cBK